| 000 | 00732na a2200241 4500 | ||
|---|---|---|---|
| 001 | 22703 | ||
| 003 | MIRAKIL | ||
| 005 | 20181213155238.0 | ||
| 008 | 170223b tu 000 0 | ||
| 040 |
_aMilas _btur _cTR-AnCHP |
||
| 041 | _atur | ||
| 082 |
_aCHP 779.9561 _bF67 1954-55 |
||
| 090 | _aCHP 779.9561 F67 1954-55 | ||
| 091 | _aALBÜMLER | ||
| 245 |
_a[Fotoğrafl albümü] [Albüm] _b[1954-1955] _cfotoğraflayan Rıza Ezer |
||
| 300 |
_a4 albüm _bsiyah beyaz fotoğraf _c32 |
||
| 650 |
_aFotoğraflar _xSiyasetçiler |
||
| 650 |
_aAlbümler _xSiyaset ve yönetim _zTürkiye |
||
| 651 |
_aTürkiye _xSiyaset ve yönetim _yFotoğraf albümü |
||
| 700 | _aEzer, Rıza | ||
| 942 |
_2ddc _cBKS |
||
| 999 |
_c9205 _d9205 |
||